Newtone. - 3.évf. (1993) Gólyaszám
Elmentve itt :
| Dokumentumtípus: | Folyóirat |
|---|---|
| Megjelent: |
1993
|
| Sorozat: | Newtone : A József AttilaTudományegyetemTermészettudományi Kara Hallgatói Önkormányzatának lapja
3 |
| Online Access: | http://univ.bibl.u-szeged.hu/56540 |
| LEADER | 00568nas a2200145 i 4500 | ||
|---|---|---|---|
| 001 | univ56540 | ||
| 005 | 20201222143116.0 | ||
| 008 | 201222s1993 hu o 0|| zxx d | ||
| 040 | |a SZTE UnivHistória Repozitórium |b hun | ||
| 041 | |a zxx | ||
| 245 | 0 | 0 | |a Newtone. - 3.évf. (1993) Gólyaszám |h [elektronikus dokumentum] |
| 260 | |c 1993 | ||
| 490 | 0 | |a Newtone : A József AttilaTudományegyetemTermészettudományi Kara Hallgatói Önkormányzatának lapja |v 3 | |
| 561 | |a Egyetemi, hallgatói élet | ||
| 856 | 4 | 0 | |u http://univ.bibl.u-szeged.hu/56540/1/1993_golyaszam.pdf |z Dokumentum-elérés |